000
00274nam a22001337a 4500
003
SGT
082
_a
330.02434,GOP
100
_a
GOPALAKRISHAN,K.E
245
_a
ECONOMICS
260
_a
LUCKNOW
_b
EASTERN BOOKS
_c
2011
300
_a
480
650
_a
ECONOMICS
942
_2
ddc
_c
BK
999
_c
9603
_d
9603